Índice de la Biblioteca del Ateneo de Madrid [ (Record no. 176608)

MARC details
000 -LEADER
campo de control de longitud fija 00989ntm a2200265 i 4500
001 - NÚMERO DE CONTROL
campo de control 176608
003 - IDENTIFICADOR DE NÚMERO DE CONTROL
campo de control ES-MaACL
005 - FECHA Y HORA DE LA ÚLTIMA TRANSACCIÓN
campo de control 20250903092858.0
008 - DATOS DE LONGITUD FIJA--INFORMACIÓN GENERAL
campo de control de longitud fija 110126s1842 sp c |||| | spa d
040 ## - FUENTE DE CATALOGACIÓN
Centro/agencia transcriptor ES-MaACL
080 ## - NÚMERO DE LA CLASIFICACIÓN DECIMAL UNIVERSAL
Número de la Clasificación Decimal Universal 017.1(460.27 M.) Ateneo
110 2# - ENTRADA PRINCIPAL--NOMBRE DE ENTIDAD CORPORATIVA
Nombre de entidad corporativa o nombre de jurisdicción como elemento de entrada Ateneo de Madrid.
Unidad subordinada Biblioteca
9 (RLIN) 1951
245 10 - MENCIÓN DEL TÍTULO
Título Índice de la Biblioteca del Ateneo de Madrid [
Medio Manuscrito].
260 ## - PUBLICACIÓN, DISTRIBUCIÓN, ETC.
Lugar de publicación, distribución, etc. Madrid,
Fecha de publicación, distribución, etc. 1842.
300 ## - DESCRIPCIÓN FÍSICA
Extensión 2 volúmenes ;
Dimensiones 32 cm.
505 ## - NOTA DE CONTENIDO CON FORMATO
Nota de contenido con formato Vol. I: Letras A-G -- v. II: Letras H-Z
Título .
530 ## - NOTA DISPONIBLE DE FORMULARIO FÍSICO ADICIONAL
Nota de formato físico adicional disponible Disponible en formato digital
610 24 - PUNTO DE ACCESO ADICIONAL DE MATERIA--NOMBRE DE ENTIDAD CORPORATIVA
Nombre de entidad corporativa o nombre de jurisdicción como elemento de entrada Ateneo de Madrid.
Unidad subordinada Biblioteca-
Subdivisión de forma Catálogos
9 (RLIN) 1952
655 #0 - TERMINO DE INDIZACIÓN--GENERO/FORMA
Datos o término principal de género/forma Catálogos de bibliotecas
9 (RLIN) 193634
852 ## - LOCALIZACIÓN
Ubicación ES-MaACL
Ubicación en estantería Depósito
Signatura antigua Olim: F-14512-13
Número de control de estantería R-1596-97
Encuadernación
856 ## - LOCALIZACIÓN Y ACCESO ELECTRÓNICOS
Identificador Uniforme de Recursos <a href="https://bvpb.mcu.es/es/consulta/registro.do?id=577707">https://bvpb.mcu.es/es/consulta/registro.do?id=577707</a>
Texto de enlace Versión en línea
Nota pública (Biblioteca Virtual del Patrimonio Bibliográfico)
942 ## - ELEMENTOS DE ENTRADA SECUNDARIOS (KOHA)
Tipo de ítem Koha Manuscrito
Suprimir en OPAC No
Holdings
Estatus retirado Estado de pérdida Fuente del sistema de clasificación o colocación Estado de daño No para préstamo Colección Biblioteca de origen Biblioteca actual Ubicación en estantería Fecha de adquisición Total de préstamos Signatura topográfica completa Código de barras Visto por última vez Precio de reemplazo Tipo de ítem Koha
    Clasificación decimal universal     Fondo Ateneo de Madrid Biblioteca del Ateneo de Madrid Biblioteca del Ateneo de Madrid Depósito 26/01/2011   R-1596-97 1185469 23/02/2023 23/02/2023 Manuscrito